Anomalías de la visión binocular: investigación y tratamiento
Uloženo v:
| Hlavní autor: | |
|---|---|
| Médium: | Kniha |
| Jazyk: | španělština |
| Vydáno: |
Barcelona
Colegio Nacional de Opticos Optometristas
1996
|
| Vydání: | 2a. ed |
| Témata: | |
| Tagy: |
Přidat tag
Žádné tagy, Buďte první, kdo vytvoří štítek k tomuto záznamu!
|
MARC
| LEADER | 00000nam a2200000 a 4500 | ||
|---|---|---|---|
| 001 | UCO8378 | ||
| 003 | CL-VaPUC | ||
| 008 | 001201e19960000SP |||||||||||||||||spa|d | ||
| 020 | |a 8470924257 | ||
| 082 | 0 | 4 | |a 617.7 |b PIC |2 21 |
| 100 | 0 | |a Pickwell, David |e author |9 453280 | |
| 245 | 1 | 0 | |a Anomalías de la visión binocular: investigación y tratamiento |
| 250 | |a 2a. ed | ||
| 300 | |a 273 p | ||
| 942 | |c BK | ||
| 945 | |d 20001201 00:00:00 |a vberengu | ||
| 260 | |a Barcelona |b Colegio Nacional de Opticos Optometristas |c 1996 | ||
| 650 | 0 | |a Ambliopía |9 431655 | |
| 650 | 0 | |a Defectos visuales |9 341018 | |
| 650 | 0 | |a Estrabismo |9 407002 | |
| 650 | 7 | |a HETEROFORIA |2 CL-VaPUC |9 453281 | |
| 650 | 7 | |a NISTAGMO |2 CL-VaPUC |9 431658 | |
| 650 | 0 | |a Visión |9 269056 | |
| 650 | 0 | |a Vista |9 265397 | |
| 583 | |a last modification |c 20001201 00:00:00 |k Rodrigo Vera | ||
| 999 | |c 293045 |d 293043 | ||
| 952 | |0 0 |1 0 |4 0 |6 617_700000000000000_PIC_1996 |7 0 |8 A |9 344173 |a BIBCUR |b BIBCUR |d 2019-11-20 |i 3671860 |l 4 |m 1 |o 617.7 PIC 1996 |p 3671860 |q 2025-05-12 |r 2025-04-28 |s 2025-04-28 |w 2019-11-20 |y BK |k FIS | ||
| 952 | |0 0 |1 0 |4 0 |6 617_700000000000000_PIC_1996 |7 0 |8 A |9 344174 |a BIBCUR |b BIBCUR |d 2019-11-20 |i 3671879 |o 617.7 PIC 1996 |p 3671879 |r 2025-04-22 |w 2019-11-20 |y BK |k FIS | ||
| 952 | |0 0 |1 0 |4 0 |6 617_700000000000000_PIC_1996 |7 0 |8 A |9 344175 |a BIBCUR |b BIBCUR |d 2019-11-20 |i 4139429 |l 3 |o 617.7 PIC 1996 |p 4139429 |q 2025-05-15 |r 2025-05-08 |s 2025-05-08 |w 2019-11-20 |y BK |k TEM | ||